000 00583nam a2200181Ia 4500
008 100917s9999 xx 000 0 und d
082 _b34629
100 _aलागू चिंतामणी
245 _aकशासाठी पोटासाठी
260 _bदिपज्योती प्रकाशन
_c1978
300 _a238
365 _b15
520 _aकादंबरी
630 _aकशासाठी पोटासाठी
650 _aकादंबरी
730 _aकशासाठी पोटासाठी
942 _cBOOK
999 _c640023
_d640020